| 000 | 00675nam a22002055i 4500 | ||
|---|---|---|---|
| 001 | 110534 | ||
| 003 | ES-MaACL | ||
| 005 | 20230906185057.0 | ||
| 007 | t| | ||
| 008 | 070129q1852 fr ||||1| fre d | ||
| 080 | _a821.133.1-2"18" | ||
| 100 | 1 |
_aEnnery, Adolphe d'. _947251 |
|
| 245 | 1 | 0 |
_aSi j'étais roi!... : _bopéra comique en trois actes, quatre tableaux / _cDennery et Brésil ; musique de Adolphe Adam. |
| 250 | _aNouevelle éd. | ||
| 260 |
_aParis : _bCalmann-Lévy, _c[ca. 1852] |
||
| 300 |
_a83 p. ; _c18 cm. |
||
| 700 | 1 |
_aBrésil, Jules. _931606 |
|
| 700 | 1 |
_aAdam, Adolphe. _9137578 |
|
| 852 | 4 |
_aES-MaACL _jE-11571 _zBiblioteca Jacinto Martínez Lacalle |
|
| 999 |
_c110534 _d110534 |
||